00856nam a2200169 a 450000500170000000800410001702000180005805000210007624500970009725000120019426000490020630000280025550000500028352003050033365000270063870000210066520140310183406.0121013s19uu xx 00 eng d a9780415509596 aPN 55b.R68 2011 aRoutledge companion to literature and science /cedited by Bruce Clarke and Manuela Rossini. a1st ed. aNew York, United States :bRoutledge,c2011. axviii, 550 p. :c25 cm. aIncludes bibliographical references and index aTraces the network of connections among literature, science, technology, mathematics, and medicine. This title surveys the theoretical and disciplinary approaches from Animal Studies to Semiotics, and also traces the history and culture of literature and science from Greece and Rome to Postmodernism aLiterature and science aRossini, Manuela